| 000 | 00413nam a2200169Ia 4500 | ||
|---|---|---|---|
| 008 | 210210b1997 xxu||||| |||| 00| 0 eng d | ||
| 020 | _a81/7133/312/5 | ||
| 082 | _a591 KOTZ | ||
| 100 | _aKOTPAL (R L). | ||
| 245 | _aZoology phylum-3: Coelenterata. | ||
| 250 | _a | ||
| 260 |
_aMeerut _bRastogi Publications _c1997 |
||
| 300 | _aviii,285 | ||
| 650 | _aCoelenterata | ||
| 690 | _aZoology | ||
| 906 | _a055294 | ||
| 999 |
_c102791 _d102791 |
||